Normal view
MARC view
Entry Topical Term
001 - CONTROL NUMBER
- control field: 5766
003 - CONTROL NUMBER IDENTIFIER
- control field: dpl
005 - DATE AND TIME OF LATEST TRANSACTION
- control field: 20100804112813.0
008 - FIXED-LENGTH DATA ELEMENTS
- fixed length control field: 100804|||a|||||| | ||| d
040 ## - CATALOGING SOURCE
- Original cataloging agency: dpl
- Transcribing agency: dpl
150 ## - HEADING--TOPICAL TERM
- Topical term or geographic name as entry element: Electro Chemistry
670 ## - SOURCE DATA FOUND
- Source citation: Work cat.: (dpl)38692: Rebeckal, J. Jeyaseeli 5765, Electro chemistry / , 2008
670 ## - SOURCE DATA FOUND
- Source citation: Work cat.: (dpl)38692: Rebeckal, J. Jeyaseeli 5765, Electro chemistry / , 2008
